Visualizzazione normale
Vista MARC
- Alberione, James,
di Personal Name
Records bibliografici associati: 1
001 - CONTROL NUMBER
- control field: 48
003 - CONTROL NUMBER IDENTIFIER
- control field: IT-RoPau
005 - DATE AND TIME OF LATEST TRANSACTION
- control field: 20121127172817.0
008 - FIXED-LENGTH DATA ELEMENTS
- fixed length control field: 121127|| aca||aabn | a|a d
040 ## - CATALOGING SOURCE
- Original cataloging agency: IT-RoPau
- Transcribing agency: IT-RoPau
100 ## - HEADING--PERSONAL NAME
- Personal name: Alberione, James,
- Dates associated with a name: 1884-1971.
670 ## - SOURCE DATA FOUND
- Source citation: Work cat.: (IT-RoPau)2: Alberione, James, 1884-1971., Call to total consecration /, 1974.